Harry Potter y el cáliz de fuego / (Registro nro. 10958)

Detalles MARC
000 -LIDER
fixed length control field 01126nkm a2200373 b 4500
001 - NÚMERO DE CONTROL
Identificador de número de control 01245
003 - IDENTIFICACDOR DE NÚMERO DE CONTROL
control field DO-SdBNP
005 - DATE AND TIME OF LATEST TRANSACTION
control field 20230315112401.0
007 - CAMPOS FIJOS DE DESCRIPCIÓN FÍSICA
fixed length control field 00286910
008 - ELEMENTOS DE LONGITUD FIJA
fixed length control field 060721s2010 sp spa
016 7# - NO. DE CONTROL DE LA AGENCIA BIB. NACIONAL
Record control number
Source BPMSU
017 ## - NÚMERO DE REGISTRO DE DERECHOS DE AUTOR
Copyright or legal deposit number
Assigning agency
020 ## - ISBN
International Standard Book Number 9788478886647
035 ## - NÚMERO LOCAL
System control number
040 ## - FUENTE DE CATALOGACIÓN
Agencia que crea de manera original el registro BPMSU
Idioma de catalogación spa
Agencia que realiza la transcripción BPMSU
Convenciones de la despripción
082 #4 - NÚMERO DE CLASIFICACIÓN DECIMAL DE DEWEY
Classification number 823.91
Item number R884H, 2010
Edition number 22
092 ## - LOCALLY ASSIGNED DEWEY DECIMAL CALL NUMBER
Número de edición
100 ## - ASIENTO PRINCIPAL -- NOMBRE PERSONAL
Término de relación Rowling, J. K.,
Mención de responsabilidad 1965-
245 10 - MENCIÓN DE TITULO
Título Harry Potter y el cáliz de fuego /
Mención de responsabilidad J. K. Rowling ; traducción de Adolfo Muñoz García y Nieves Martín Azofra
Medio (Designación general de material)
Subtítulo
250 ## - MENCIÓN DE EDICION
Materiales especificados 14a. ed.
260 ## - PUBLICACIÓN, DISTRIBUCIÓN, ETC. (PIE DE IMPRENTA)
Lugar de publicación, distribución, etc Barcelona :
Nombre del editor, distribuidor, etc. Salamandra,
Fecha de publicación, distribución, etc 2010
Lugar de impresión
Impresor
300 ## - DESCRIPCIÓN FÍSICA
Extensión 635 p. ;
Dimensiones 22 cm.
490 ## - MENCIÓN DE SERIES
Materiales especificados Harry Potter
Volume/sequential designation 4
534 ## - NOTA SOBRE LA VERSIÓN ORIGINAL
Asiento principal del original Título original
Mención del título original Harry potter and the globet of fire.
590 ## - NOTA LOCAL
Enlace Inventariado, 2023/VM
650 #4 - ENCABEZAMIENTO DE MATERIA--TEMÁTICO
Término temático o nombre geográfico como elemento de entrada Novela juvenil inglesa
650 #4 - ENCABEZAMIENTO DE MATERIA--TEMÁTICO
Término temático o nombre geográfico como elemento de entrada Magia
Subdivisión de forma Novela
700 1# - ASIENTO SECUNDARIO -- NOMBRE PERSONAL
Nombre personal Muñoz García, Adolfo
Mención de responsabilidad tr.
700 1# - ASIENTO SECUNDARIO -- NOMBRE PERSONAL
Nombre personal Martín Azofra, Nieves
Mención de responsabilidad tr.
830 ## - ASIENTO SECUNDARIO DE SERIE--TÍTULO UNIFORME
Título uniforme Harry Potter
Materiales especificados 4
910 ## - VALIDACIÓN
Validación VMATEO V. Control de calidad (BPMSU)
942 ## - ADDED ENTRY ELEMENTS (KOHA)
Source of classification or shelving scheme Dewey Decimal Classification
Koha item type Libros
980 ## - EQUIVALENCE OR CROSS-REFERENCE-SERIES STATEMENT--PERSONAL NAME/TITLE [LOCAL, CANADA]
Personal name
--
Numeration
Attribution qualifier
Titles and other words associated with a name
Existencias
Withdrawn status Lost status Source of classification or shelving scheme Damaged status Not for loan Collection code Home library Current library Date acquired Full call number Barcode Date last seen Copy number Price effective from Koha item type
    Dewey Decimal Classification     Colección Juvenil General Biblioteca Pública Metropolitana Salomé Ureña Biblioteca Pública Metropolitana Salomé Ureña 07/20/2016 BPMSU CG 823.91 R884H 2010 BPMSU23030020 07/20/2016 v.4 07/20/2016 Libros